000 00540nam a2200193Ia 4500
005 20250508151027.0
008 008 250505s9999 xx 000 0 eng d
037 _aTextual
040 _aFEDL
_beng
_cFEDL
041 _aeng
_2eng
084 _a371.422, WOL
_qFEDL
100 _aWolfenden J F
_9758227
245 0 _aHow to choose your school
260 _aLondon, UK
_bOxford University Press
_c1952
300 _a111p
650 _aSchool Administration
942 _cTEXL
_h371.422, WOL
999 _c1327141
_d1327141